[Event "52nd Groningen Open"]
[Site "Groningen NED"]
[Date "2014.12.27"]
[Round "6.23"]
[White "Kevlishvili, Robby"]
[Black "Ypma, Peter"]
[Result "0-1"]
[WhiteTitle "FM"]
[WhiteElo "2366"]
[BlackElo "2223"]
[WhiteFideId "1040634"]
[BlackFideId "1027255"]
[EventDate "2014.12.21"]

1. e4 c5 2. Nf3 g6 3. d4 cxd4 4. Nxd4 Nc6 5. c4 Nf6 6. Nc3 d6 7. Be2 Nxd4 8.
Qxd4 Bg7 9. Be3 O-O 10. Qd2 Be6 11. Rc1 Qa5 12. f3 Rfc8 13. b3 a6 14. a4 Nd7 15.
O-O b5 16. axb5 axb5 17. Nxb5 Qxd2 18. Bxd2 Ra2 19. Rfd1 Nc5 20. Rb1 f5 21. Bf1
fxe4 22. fxe4 Bg4 23. Bg5 Bxd1 24. Rxd1 Kf8 25. Rb1 Nxe4 26. Be3 Nd2 27. Bxd2
Rxd2 28. h3 Ra8 29. Nc7 Ra1 30. Rxa1 Bxa1 31. b4 Bd4+ 32. Kh2 Rd1 33. Ne6+ Ke8
34. Nxd4 Rxf1 35. Kg3 Rc1 36. c5 dxc5 37. bxc5 Rxc5 38. Nf3 Ra5 39. h4 Kf7 40.
Kg4 Ra4+ 41. Kg5 Kg7 0-1

[Event "52nd Groningen Open"]
[Site "Groningen NED"]
[Date "2014.12.27"]
[Round "6.25"]
[White "Von Meijenfeldt, Bart"]
[Black "Gerlagh, Joris"]
[Result "1-0"]
[WhiteTitle "FM"]
[WhiteElo "2326"]
[BlackElo "2193"]
[WhiteFideId "1032259"]
[BlackFideId "1038834"]
[EventDate "2014.12.21"]

1. c4 Nf6 2. Nf3 g6 3. Nc3 Bg7 4. e4 c5 5. d4 cxd4 6. Nxd4 Nc6 7. Be3 O-O 8. Be2
d6 9. O-O Bd7 10. Nc2 Rc8 11. f3 a6 12. Rc1 Na5 13. Na3 Be6 14. b3 Nc6 15. Qd2
Qa5 16. Nab1 Nd7 17. a3 Qd8 18. Nd5 Nc5 19. Bd1 b5 20. b4 Nd7 21. cxb5 axb5 22.
Be2 Bxd5 23. exd5 Nce5 24. Bxb5 Rb8 25. a4 Nb6 26. Na3 e6 27. dxe6 fxe6 28. Bf2
Kh8 29. a5 Nd5 30. a6 Rxf3 31. a7 Ra8 32. Nc4 Rxf2 33. Qxf2 Nd3 34. Nxd6 Qxd6
35. Bxd3 Nxb4 36. Qf3 Bd4+ 37. Kh1 Rxa7 38. Bxg6 Kg7 39. Be4 1-0

[Event "52nd Groningen Open"]
[Site "Groningen NED"]
[Date "2014.12.27"]
[Round "6.26"]
[White "Mollema, Thomas"]
[Black "De Jong, Migchiel"]
[Result "1-0"]
[BlackTitle "IM"]
[WhiteElo "2136"]
[BlackElo "2320"]
[WhiteFideId "1034987"]
[BlackFideId "1002848"]
[EventDate "2014.12.21"]

1. f4 d5 2. Nf3 Bg4 3. e3 Nd7 4. h3 Bxf3 5. Qxf3 c6 6. b3 e5 7. Bb2 Bd6 8. c4
Ngf6 9. cxd5 Nxd5 10. Bc4 O-O 11. O-O exf4 12. Bxd5 cxd5 13. exf4 Nf6 14. Nc3
Bc5+ 15. Kh1 Re8 16. Rae1 Ne4 17. Nxe4 dxe4 18. Rxe4 Qxd2 19. Bc3 Qxa2 20. Rxe8+
Rxe8 21. Bxg7 Qe2 22. Be5 Qxf3 23. Rxf3 Re6 24. Rg3+ Kf8 25. Rc3 b6 26. g4 f6
27. Bb8 a5 28. f5 Re1+ 29. Kg2 Ke7 30. Kf3 Kd7 31. Bg3 Rd1 32. Ke2 Rd5 33. Rd3
Kc6 34. h4 b5 35. Rc3 b4 36. Rd3 Bd4 37. g5 fxg5 38. hxg5 Bc3 39. Rxd5 Kxd5 40.
Bc7 Ke4 41. f6 Kf5 42. Bxa5 Kg6 43. Kd3 Be1 44. Bb6 Bh4 45. Be3 h6 46. gxh6 Bxf6
47. Bd2 Be7 48. Kc4 Bf8 49. Kb5 Kh7 50. Ka5 Kg6 51. Ka4 Kh7 52. Kb5 Kg6 53. Kc4
Kh7 54. Bxb4 Bxh6 55. Bc3 Bf8 56. Bd4 Kg6 57. Bc5 Bh6 58. b4 Kf7 59. Kd5 Ke8 60.
Kc6 Bd2 61. b5 Ba5 62. Bf2 Bd8 63. Be1 Kf7 64. Bg3 Ke6 65. Bc7 Bg5 66. b6 Be3
67. b7 Ba7 68. Bh2 Ke7 69. Kc7 Ke6 70. Kc8 1-0

[Event "52nd Groningen Open"]
[Site "Groningen NED"]
[Date "2014.12.27"]
[Round "6.27"]
[White "Van Foreest, Lucas"]
[Black "Heemskerk, Wim"]
[Result "1-0"]
[BlackTitle "FM"]
[WhiteElo "2319"]
[BlackElo "2169"]
[WhiteFideId "1039792"]
[BlackFideId "1001000"]
[EventDate "2014.12.21"]

1. e4 e6 2. d4 d5 3. Nd2 a6 4. c3 c5 5. dxc5 Bxc5 6. Nb3 Bb6 7. exd5 exd5 8. Bd3
Nf6 9. Qe2+ Qe7 10. Qxe7+ Kxe7 11. Nf3 Re8 12. O-O Kf8 13. Bf4 Nc6 14. h3 Ne4
15. Rad1 Bf5 16. Bb1 Rad8 17. Nbd4 Bd7 18. Nxc6 Bxc6 19. Nd4 Ba4 20. Rc1 h6 21.
Be3 Rc8 22. Bd3 Bd7 23. Rce1 Bc7 24. Bc1 Nc5 25. Be2 Ne6 26. Nb3 Nf4 27. Bf3 Bb5
28. Rxe8+ Rxe8 29. Bxf4 Bxf4 30. Rd1 Be2 31. Rxd5 Bxf3 32. gxf3 Re1+ 33. Kg2 Re2
34. Rd8+ Ke7 35. Rd4 Bd6 36. Re4+ Rxe4 37. fxe4 Kd7 38. Kf3 g6 39. Na5 Kc7 40.
Nc4 Bh2 41. Ne3 h5 42. Kg2 Be5 43. f4 Bg7 44. Kf3 b5 45. e5 Kc6 46. Ke4 Bf8 47.
Nc2 a5 48. Nd4+ Kb6 49. Nf3 Be7 50. Kd5 a4 51. Nd4 Bd8 52. Kd6 Bh4 53. f5 gxf5
54. Nxf5 Bg5 55. Kd5 Bc1 56. b3 axb3 57. axb3 Bb2 58. c4 bxc4 59. bxc4 f6 60. e6
Kc7 61. c5 Be5 62. e7 1-0

[Event "52nd Groningen Open"]
[Site "Groningen NED"]
[Date "2014.12.27"]
[Round "6.28"]
[White "Warmerdam, Max"]
[Black "Kolbus, Dietmar"]
[Result "1-0"]
[BlackTitle "IM"]
[WhiteElo "2123"]
[BlackElo "2317"]
[WhiteFideId "1048104"]
[BlackFideId "4610628"]
[EventDate "2014.12.21"]

1. e4 Nf6 2. e5 Nd5 3. d4 d6 4. c4 Nb6 5. f4 dxe5 6. fxe5 Nc6 7. Be3 Bf5 8. Nc3
e6 9. Nf3 Qd7 10. Be2 Be7 11. O-O O-O 12. Qe1 Nb4 13. Qf2 Nc2 14. Rad1 Nxe3 15.
Qxe3 Na4 16. b3 Nxc3 17. Qxc3 a5 18. Bd3 Bxd3 19. Qxd3 Qc6 20. Kh1 Rad8 21. Rd2
Qa6 22. Qe4 c6 23. a4 Qb6 24. Rd3 Qb4 25. Ne1 Qb6 26. Nc2 Bg5 27. Rh3 h6 28. Rd3
Rd7 29. h4 Bd8 30. Ne3 Kh8 31. d5 cxd5 32. cxd5 exd5 33. Nxd5 Qe6 34. Nf4 Qe8
35. Rxd7 Qxd7 36. Ng6+ fxg6 37. Rxf8+ Kh7 38. Qc4 1-0

[Event "52nd Groningen Open"]
[Site "Groningen NED"]
[Date "2014.12.27"]
[Round "6.29"]
[White "Stegariu, Alexandru"]
[Black "Beerdsen, Thomas"]
[Result "1/2-1/2"]
[BlackTitle "FM"]
[WhiteElo "2156"]
[BlackElo "2314"]
[WhiteFideId "1218042"]
[BlackFideId "1030108"]
[EventDate "2014.12.21"]

1. c4 Nf6 2. d4 c6 3. Nf3 d5 4. Nbd2 Bf5 5. g3 e6 6. Bg2 h6 7. O-O Nbd7 8. b3
Be7 9. Bb2 O-O 10. Ne5 Qc7 11. Nxd7 Qxd7 12. Qc1 Rac8 13. Qc3 c5 14. Rac1 b5 15.
dxc5 Bxc5 16. e4 dxe4 17. Nxe4 Bxe4 18. Bxe4 Rfd8 19. Bf3 bxc4 20. Rfd1 Qe7 21.
Rxd8+ Qxd8 22. bxc4 Qb6 23. Rc2 Rd8 24. Rd2 Rb8 25. Ba3 Bxa3 26. Qxa3 Rc8 27.
Rb2 Qd4 28. Rb7 Nd7 29. Qxa7 Ne5 30. Be2 Qe4 31. Rb8 Rxb8 32. Qxb8+ Kh7 33. Qb2
Nxc4 1/2-1/2

[Event "52nd Groningen Open"]
[Site "Groningen NED"]
[Date "2014.12.27"]
[Round "6.30"]
[White "Sreeves, Clement"]
[Black "Dehn, Marcus"]
[Result "1-0"]
[WhiteElo "2284"]
[BlackElo "2169"]
[WhiteFideId "2402564"]
[BlackFideId "4667093"]
[EventDate "2014.12.21"]

1. e4 e6 2. d4 d5 3. Nc3 dxe4 4. Nxe4 Bd7 5. Nf3 Bc6 6. Bd3 Nf6 7. Ned2 Nbd7 8.
O-O Be7 9. Nc4 Be4 10. Bxe4 Nxe4 11. Re1 Nef6 12. Bf4 Nh5 13. Be3 c6 14. a4 O-O
15. a5 a6 16. Nfd2 Nhf6 17. Bf4 Nd5 18. Bg3 N7f6 19. c3 Qc8 20. Nd6 Bxd6 21.
Bxd6 Rd8 22. Nc4 Ne8 23. Bc5 Qc7 24. Ne5 Rdc8 25. Qf3 Nef6 26. Ra3 Re8 27. g4 h6
28. h4 h5 29. gxh5 Ne7 30. h6 Nf5 31. hxg7 Kxg7 32. Kh1 Nxh4 33. Rg1+ Ng6 34.
Kg2 Rh8 35. Kf1 Rh6 36. c4 Rah8 37. b4 Rh4 38. Re3 Qd8 39. Nxg6 fxg6 40. Rxe6
Rxd4 41. Re7+ 1-0

[Event "52nd Groningen Open"]
[Site "Groningen NED"]
[Date "2014.12.27"]
[Round "6.31"]
[White "Mohammad, Nubairshah Shaikh"]
[Black "Ratsma, Rosa"]
[Result "1-0"]
[WhiteElo "2275"]
[BlackElo "2165"]
[WhiteFideId "5053196"]
[BlackFideId "1033662"]
[EventDate "2014.12.21"]

1. d4 Nf6 2. c4 g6 3. Nc3 Bg7 4. e4 d6 5. h3 O-O 6. Bg5 c5 7. d5 e6 8. Bd3 exd5
9. cxd5 Re8 10. Nf3 c4 11. Bc2 b5 12. a3 Nbd7 13. O-O Qb6 14. Re1 a5 15. Be3 Qb8
16. Nd4 Ba6 17. f4 Qb7 18. Nc6 Qc7 19. Bf2 Nh5 20. Qf3 Nb8 21. Nd4 b4 22. axb4
axb4 23. Ncb5 Qd8 24. Ba4 Re7 25. g4 Nf6 26. e5 dxe5 27. d6 Rb7 28. fxe5 Ne8 29.
e6 fxe6 30. Nxe6 Qf6 31. Qxf6 Bxf6 32. Nbc7 Nxd6 33. Nxa8 Bxb2 34. Rad1 Nf7 35.
Nc5 Ra7 36. Re8+ 1-0

[Event "52nd Groningen Open"]
[Site "Groningen NED"]
[Date "2014.12.27"]
[Round "6.32"]
[White "Wempe, Joost"]
[Black "Savant, Riya"]
[Result "1-0"]
[BlackTitle "WFM"]
[WhiteElo "2262"]
[BlackElo "2063"]
[WhiteFideId "1005502"]
[BlackFideId "5067359"]
[EventDate "2014.12.21"]

1. d4 d5 2. c4 e6 3. Nf3 Nf6 4. g3 Bb4+ 5. Bd2 Be7 6. Bg2 O-O 7. O-O c6 8. Qc2
Nbd7 9. Rd1 b6 10. Bf4 Bb7 11. b3 Rc8 12. Nc3 b5 13. e4 b4 14. exd5 exd5 15. Na4
c5 16. Ne5 cxd4 17. Rxd4 g5 18. Nxd7 Nxd7 19. Bxd5 Bf6 20. Bxg5 Bxd4 21. Bxd8
Bxa1 22. Bxb7 Rcxd8 23. c5 Ne5 24. c6 Rd2 25. Qf5 Bd4 26. c7 1-0

[Event "52nd Groningen Open"]
[Site "Groningen NED"]
[Date "2014.12.27"]
[Round "6.33"]
[White "Salov, Sergej"]
[Black "Theulings, Paul-Peter"]
[Result "1/2-1/2"]
[WhiteTitle "IM"]
[BlackTitle "CM"]
[WhiteElo "2256"]
[BlackElo "2132"]
[WhiteFideId "4107926"]
[BlackFideId "1002899"]
[EventDate "2014.12.21"]

1. Nf3 Nf6 2. g3 d5 3. Bg2 e6 4. O-O b6 5. d3 Bb7 6. Nbd2 Be7 7. e4 dxe4 8. dxe4
O-O 9. e5 Ne4 10. Nxe4 Qxd1 11. Nf6+ Bxf6 12. Rxd1 Be7 13. c3 Na6 14. Nd4 Bxg2
15. Kxg2 Rfd8 16. Bf4 Kf8 17. Nc6 Rxd1 18. Rxd1 Ke8 19. b4 h6 20. h4 Nb8 1/2-1/2

[Event "52nd Groningen Open"]
[Site "Groningen NED"]
[Date "2014.12.27"]
[Round "6.34"]
[White "Maatman, Nick"]
[Black "Keetman, Maaike"]
[Result "1-0"]
[WhiteElo "2226"]
[BlackElo "2074"]
[WhiteFideId "1040391"]
[BlackFideId "1033697"]
[EventDate "2014.12.21"]

1. d4 d5 2. c4 c6 3. Nf3 Nf6 4. Nc3 dxc4 5. a4 Bf5 6. Ne5 Nbd7 7. Nxc4 Nb6 8.
Ne5 a5 9. Bg5 Nfd5 10. e4 Nxc3 11. bxc3 Bxe4 12. Qb3 Bd5 13. c4 Be6 14. d5 Nxd5
15. cxd5 Bxd5 16. Bc4 f6 17. Rd1 e6 18. O-O Qc7 19. Nf3 fxg5 20. Bxd5 exd5 21.
Rfe1+ Be7 22. Qe3 Kd8 23. Nxg5 Bxg5 24. Qxg5+ Kc8 25. Re7 Qd8 26. Qxg7 Ra7 27.
Rde1 Qf8 28. Qe5 Qd8 29. Qh5 Qd6 30. h3 Qg6 31. Qe5 1-0

[Event "52nd Groningen Open"]
[Site "Groningen NED"]
[Date "2014.12.27"]
[Round "6.35"]
[White "Dijkhuis, Sven"]
[Black "Minko, Vladimir"]
[Result "0-1"]
[BlackTitle "FM"]
[WhiteElo "2126"]
[BlackElo "2215"]
[WhiteFideId "1036556"]
[BlackFideId "24146706"]
[EventDate "2014.12.21"]

1. e4 c5 2. Nf3 e6 3. d4 cxd4 4. Nxd4 Nc6 5. Nc3 Qc7 6. Be2 a6 7. O-O Nf6 8. Be3
Bb4 9. Bg5 Be7 10. Kh1 Ng4 11. Bxg4 Bxg5 12. Nde2 Ne5 13. Bh3 Nc4 14. f4 Ne3 15.
Qd4 Nxf1 16. Qxg7 Rf8 17. Rxf1 Be7 18. f5 Bd6 19. Qxh7 Bxh2 20. fxe6 dxe6 21.
Bg4 Be5 22. Bh5 Qe7 23. Rxf7 Rxf7 24. Qg8+ Qf8 25. Bxf7+ Ke7 26. Qxf8+ Kxf8 27.
Bh5 b5 28. a3 Bb7 29. Kg1 Rd8 30. Kf2 Rd2 31. Ke3 Rxc2 32. Nd1 Rc4 33. Bf3 Ke7
34. Kd3 a5 35. b3 Rc8 36. Ne3 Bg7 37. Nc2 b4 38. axb4 Ba6+ 39. Kd2 Bh6+ 40. Kd1
Rd8+ 41. Ke1 Bd2+ 42. Kf2 Bxb4 43. Nxb4 axb4 44. Nf4 Rd2+ 45. Ke3 Rb2 46. Bd1
Kd6 47. g3 e5 48. Nd5 Kc5 49. g4 Bc8 50. Nc7 Rg2 51. Bf3 Rg1 52. Be2 Rg3+ 0-1

[Event "52nd Groningen Open"]
[Site "Groningen NED"]
[Date "2014.12.27"]
[Round "6.36"]
[White "Rubingh, Otto"]
[Black "Boersma, Jan"]
[Result "0-1"]
[WhiteTitle "FM"]
[WhiteElo "2209"]
[BlackElo "2119"]
[WhiteFideId "1002139"]
[BlackFideId "1003267"]
[EventDate "2014.12.21"]

1. d4 Nf6 2. c4 g6 3. Nc3 Bg7 4. Bg5 O-O 5. Qd2 d6 6. Rd1 c6 7. e4 a6 8. Bd3 b5
9. Nge2 Nbd7 10. O-O Bb7 11. a3 bxc4 12. Bxc4 c5 13. d5 Nb6 14. Ba2 a5 15. b3
Ba6 16. Bb1 a4 17. bxa4 Nc4 18. Qa2 Qa5 19. Bd3 Nb6 20. Bb5 Bxb5 21. axb5 Qxa3
22. Qc2 h6 23. Bc1 Qb4 24. Bd2 Qc4 25. Rc1 Nfd7 26. Qb1 Ne5 27. Nf4 Rfb8 28.
Nce2 Qa2 29. Rc2 Qxb1 30. Rxb1 Nbc4 31. Bc1 Ra4 32. Nc3 Rb4 33. Ra1 Rb3 34. Nfe2
Nd3 35. Be3 Kh7 36. g3 Nxe3 37. fxe3 Nb4 38. Rcc1 Nd3 39. Rc2 R8xb5 40. Rd1 Nb2
41. Rf1 Rb7 42. Rxf7 Nc4 43. Rf3 Ne5 44. Rf1 Nc4 45. Rf3 Bf6 46. h3 Ra7 47. Kg2
Ra1 48. g4 g5 49. Kf2 Kg6 50. Rg3 Na3 51. Ra2 Bxc3 52. Nxc3 Rxa2+ 0-1

[Event "52nd Groningen Open"]
[Site "Groningen NED"]
[Date "2014.12.27"]
[Round "6.37"]
[White "Vos, Tjark"]
[Black "Benson, Oisin P."]
[Result "0-1"]
[WhiteElo "2173"]
[BlackElo "2010"]
[WhiteFideId "1020870"]
[BlackFideId "2501821"]
[EventDate "2014.12.21"]

1. e4 c5 2. Nf3 d6 3. d4 cxd4 4. Nxd4 Nf6 5. Nc3 a6 6. Bg5 e6 7. f4 Qc7 8. Bxf6
gxf6 9. Qd2 b5 10. Be2 h5 11. a3 Nd7 12. O-O-O Ne5 13. Kb1 Nc4 14. Qd3 Bd7 15.
Qh3 Rc8 16. Bxh5 Rxh5 17. Qxh5 Nxb2 18. Nde2 Nxd1 19. Rxd1 d5 20. exd5 Bxa3 21.
dxe6 Bxe6 22. f5 Qc5 23. Qh4 Bxf5 24. Rd5 Bxc2+ 25. Ka2 Qb4 26. Qxb4 Bxb4 27.
Rh5 Bd3 28. Rh3 Bc4+ 29. Kb2 Rd8 30. Rh8+ Ke7 31. Rxd8 Kxd8 32. Nd4 Kd7 33. Ne4
f5 34. Nxf5 Bd3 35. Nfg3 a5 36. Nc3 Bd6 37. Nge4 Bxe4 38. Nxe4 Bxh2 39. Kb3 Be5
40. Nc5+ Kc6 41. Nd3 f6 42. g4 Kd5 43. Nf2 Bd6 0-1

[Event "52nd Groningen Open"]
[Site "Groningen NED"]
[Date "2014.12.27"]
[Round "6.38"]
[White "Sparenberg, Erik"]
[Black "Chen, Yibo"]
[Result "1/2-1/2"]
[WhiteElo "2105"]
[BlackElo "2156"]
[WhiteFideId "1013262"]
[BlackFideId "8605815"]
[EventDate "2014.12.21"]

1. e4 c5 2. Nf3 d6 3. d4 cxd4 4. Nxd4 Nf6 5. Nc3 e6 6. Be3 a6 7. f3 b5 8. Qd2
Bb7 9. O-O-O Nbd7 10. g4 Nc5 11. Kb1 Nfd7 12. a3 Rb8 13. Qf2 Qa5 14. Na2 Qc7 15.
h4 Nb6 16. Bxb5+ axb5 17. Nxb5 Qc6 18. Nxd6+ Bxd6 19. Rxd6 Nxe4 20. Rxc6 Nxf2
21. Rxb6 Nxh1 22. Bf4 Kd7 23. Nb4 f6 24. Bxb8 Rxb8 25. Na6 Bxa6 26. Rxb8 Bc8 27.
Rb3 Nf2 28. Kc1 Nh3 29. Kd2 Nf4 30. c4 g6 31. Ke3 e5 32. Rb6 Ne6 33. b4 Kc7 34.
c5 Nf4 35. Rd6 Bd7 36. h5 gxh5 37. gxh5 Nxh5 38. Ke4 Bc6+ 39. Kf5 Ng7+ 40. Kxf6
Ne8+ 41. Kxe5 Nxd6 42. cxd6+ Kd7 43. f4 h5 44. Kf5 Kxd6 45. Kg5 Be8 46. a4 1/2-1/2

[Event "52nd Groningen Open"]
[Site "Groningen NED"]
[Date "2014.12.27"]
[Round "6.39"]
[White "De Groot, Hendrik"]
[Black "Gelip, Ioana"]
[Result "1-0"]
[WhiteElo "2097"]
[BlackElo "2151"]
[WhiteFideId "1037021"]
[BlackFideId "1202260"]
[EventDate "2014.12.21"]

1. d4 Nf6 2. Nf3 e6 3. g3 b6 4. Bg2 Bb7 5. O-O Be7 6. c4 O-O 7. Nc3 d6 8. Qc2 c5
9. d5 exd5 10. cxd5 Nbd7 11. e4 Re8 12. h3 Bf8 13. Re1 a6 14. a4 Rb8 15. Bf4 Nh5
16. Bg5 Be7 17. Be3 Bc8 18. Qe2 Qc7 19. g4 Nhf6 20. g5 Nh5 21. Nh2 g6 22. f4 f5
23. exf5 Ng3 24. Qf3 Nxf5 25. Bf2 Bb7 26. Re4 b5 27. axb5 axb5 28. Nxb5 Qb6 29.
Nc3 Qxb2 30. Rb1 Qxb1+ 31. Nxb1 Bxd5 32. Nc3 Bxe4 33. Qxe4 Kg7 34. Qc6 Nb6 35.
Ng4 Nc4 36. Nd5 Na5 37. Qc7 Rb1+ 38. Kh2 Ra1 39. Ngf6 1-0

[Event "52nd Groningen Open"]
[Site "Groningen NED"]
[Date "2014.12.27"]
[Round "6.40"]
[White "Den Hartog, Marijn"]
[Black "Schoppen, Casper"]
[Result "0-1"]
[WhiteElo "2150"]
[BlackElo "1927"]
[WhiteFideId "1046098"]
[BlackFideId "1046730"]
[EventDate "2014.12.21"]

1. e4 e5 2. Nf3 Nc6 3. Bb5 a6 4. Ba4 Nf6 5. O-O Be7 6. d3 b5 7. Bb3 O-O 8. Re1
d6 9. c3 Na5 10. Bc2 c5 11. Nbd2 Nc6 12. Nf1 Re8 13. Bg5 h6 14. Bxf6 Bxf6 15.
Ne3 Ne7 16. Bb3 Bb7 17. Ng4 Nc8 18. a4 Nb6 19. a5 Nd7 20. Ne3 Nb8 21. Bd5 Nc6
22. b4 Qc7 23. Rc1 Rad8 24. Ng4 Be7 25. Qb3 Rf8 26. h4 h5 27. Ne3 g6 28. Nf1 Kg7
29. Re3 Bf6 30. Ree1 Bc8 31. g3 Bg4 32. N3h2 Bd7 33. Re3 Ne7 34. c4 Nxd5 35.
cxd5 Rc8 36. Nd2 Qa7 37. Ree1 Kg8 38. Kf1 Bg7 39. Kg2 Bh6 40. Nhf3 Rc7 41. Rc3
Rfc8 42. Rec1 Bg4 43. R1c2 Bxd2 44. Rxd2 cxb4 45. Rxc7 Qxc7 46. Qxb4 Qc3 47.
Qxc3 Rxc3 48. Nh2 Bd7 49. d4 exd4 50. Nf3 d3 51. Ne1 Ra3 52. Nxd3 Rxa5 53. e5
Ra4 54. exd6 Rd4 55. Rc2 Rxd5 56. Rc7 Rxd6 57. Ne5 Be6 58. Kf3 b4 59. Kf4 Kg7
60. Ke3 Rb6 61. Nd3 a5 62. Ra7 Rb5 63. Nb2 Bb3 64. Ke4 Rc5 65. Nd3 Rc3 66. Kd4
a4 67. f3 a3 68. Nxb4 Rc4+ 69. Ke3 Rxb4 70. Rxa3 Bd5 0-1

[Event "52nd Groningen Open"]
[Site "Groningen NED"]
[Date "2014.12.27"]
[Round "6.41"]
[White "Kampman, Tijmen"]
[Black "Edeling, Jeroen"]
[Result "0-1"]
[WhiteElo "2084"]
[BlackElo "2142"]
[WhiteFideId "1009079"]
[BlackFideId "1010514"]
[EventDate "2014.12.21"]

1. c4 Nf6 2. g3 g6 3. Bg2 Bg7 4. Nc3 d6 5. Nf3 O-O 6. O-O Nc6 7. d3 e5 8. Rb1 a5
9. a3 h6 10. b4 axb4 11. axb4 Ne7 12. Bd2 Be6 13. e4 Nd7 14. Ne1 c6 15. Qc1 Kh7
16. Be3 f5 17. exf5 Nxf5 18. Nc2 Nxe3 19. Nxe3 Nf6 20. Ne4 Bg8 21. Ra1 Rc8 22.
Ra7 Rc7 23. Qa3 d5 24. Nxf6+ Bxf6 25. cxd5 cxd5 26. Rc1 Bg5 27. h4 Bxe3 28. fxe3
Rcf7 29. Qc3 Qf6 30. Ra2 d4 31. exd4 exd4 32. Qd2 Qd6 33. Kh2 Re7 34. Ra7 Re3
35. Rxb7+ Kh8 36. Kg1 Qxg3 37. Rd7 Rf4 38. Rf1 Rxh4 39. Rxd4 Rxd4 40. Qc3 Rxd3
41. Qa1 Rd2 0-1

[Event "52nd Groningen Open"]
[Site "Groningen NED"]
[Date "2014.12.27"]
[Round "6.42"]
[White "Al-Hajiri, Bader"]
[Black "Kokje, Joris"]
[Result "1/2-1/2"]
[WhiteTitle "CM"]
[WhiteElo "2139"]
[BlackElo "1865"]
[WhiteFideId "10300163"]
[BlackFideId "1051024"]
[EventDate "2014.12.21"]

1. e4 c5 2. Nf3 d6 3. d4 cxd4 4. Qxd4 Nc6 5. Bb5 Bd7 6. Bxc6 Bxc6 7. Nc3 Nf6 8.
Bg5 e6 9. O-O-O Be7 10. Rhe1 O-O 11. Kb1 a6 12. Qd2 Qc7 13. Nd4 Rfd8 14. f3 Be8
15. g4 b5 16. Nce2 a5 17. Ng3 b4 18. Nh5 Nxh5 19. gxh5 a4 20. Rg1 b3 21. cxb3
axb3 22. a3 Rac8 23. Qf4 g6 24. Bf6 e5 25. Qh4 Bxf6 26. Qxf6 exd4 27. Rc1 Qd7
28. h6 Rxc1+ 29. Kxc1 Kf8 30. Rxg6 Qc8+ 31. Kd2 Qc2+ 32. Ke1 Qc1+ 33. Kf2 Qe3+
34. Kg2 Qe2+ 35. Kg3 Qe1+ 36. Kg2 1/2-1/2

[Event "52nd Groningen Open"]
[Site "Groningen NED"]
[Date "2014.12.27"]
[Round "6.43"]
[White "Hummel, Paul"]
[Black "Ebralidze, Alexandre"]
[Result "0-1"]
[WhiteElo "2049"]
[BlackElo "2128"]
[WhiteFideId "1021168"]
[BlackFideId "13604660"]
[EventDate "2014.12.21"]

1. Nf3 d5 2. d4 c6 3. c4 Nf6 4. g3 Bf5 5. Bg2 e6 6. O-O Nbd7 7. b3 Bd6 8. Bb2
O-O 9. Nh4 Be4 10. Nf3 h6 11. Nbd2 Bh7 12. Ne5 Qc7 13. Ndf3 Ne4 14. Rc1 Rad8 15.
Nd3 Qb8 16. Qe1 Rfe8 17. cxd5 exd5 18. Nfe5 f6 19. Nxd7 Rxd7 20. Qd1 Rde7 21. e3
Bf5 22. b4 Rf8 23. Re1 Qe8 24. b5 cxb5 25. Qb3 Be6 26. Nf4 Bxf4 27. exf4 a5 28.
Qd3 f5 29. f3 Nd6 30. Qb3 Qd7 31. Bf1 Nc4 32. Qc3 b4 33. Qb3 b5 34. Rc2 Rfe8 35.
Rce2 Bf7 36. Re5 Nxe5 37. fxe5 Rc8 38. Qd3 Be6 39. f4 Qe8 40. Bg2 Rc4 41. g4 g6
42. gxf5 gxf5 43. Kh1 Rg7 44. Qf3 Rc2 45. Re2 Qc6 46. Qd3 Rc1+ 0-1

[Event "52nd Groningen Open"]
[Site "Groningen NED"]
[Date "2014.12.27"]
[Round "6.44"]
[White "Senders, Mischa"]
[Black "Fluit, Johnny"]
[Result "1-0"]
[WhiteTitle "FM"]
[WhiteElo "2380"]
[BlackElo "2081"]
[WhiteFideId "1038370"]
[BlackFideId "1016253"]
[EventDate "2014.12.21"]

1. e4 c6 2. d4 d5 3. Nc3 dxe4 4. Nxe4 Nd7 5. Ng5 Ngf6 6. Bd3 e6 7. N1f3 Bd6 8.
Qe2 h6 9. Ne4 Nxe4 10. Qxe4 Qc7 11. O-O c5 12. Re1 c4 13. Bf1 Nf6 14. Qh4 b6 15.
Ne5 c3 16. Qg3 cxb2 17. Bxb2 O-O 18. Bd3 Bb7 19. Bc1 Kh8 20. Qh4 Ng8 21. Bf4 Qd8
22. Qg3 Bxe5 23. Bxe5 Qg5 24. Qh3 f5 25. f4 Qg6 26. Re3 Nf6 27. Rg3 Qf7 28. Re1
Rg8 29. Qh4 Kh7 30. c4 Nd7 31. d5 exd5 32. Bxg7 Rxg7 33. Rxg7+ Kxg7 34. Re7 Rf8
35. Bxf5 Qxe7 36. Qxe7+ Rf7 37. Qd8 Nc5 38. g4 dxc4 39. Qd4+ Kf8 40. Bg6 Rd7 41.
Qxc4 Kg7 42. Bf5 Rd6 43. Qc3+ Kf7 44. g5 hxg5 45. fxg5 Be4 46. Bxe4 Nxe4 47.
Qf3+ 1-0

[Event "52nd Groningen Open"]
[Site "Groningen NED"]
[Date "2014.12.27"]
[Round "6.45"]
[White "Offringa, Joost"]
[Black "Gutkind, Kedem"]
[Result "1-0"]
[WhiteElo "2226"]
[BlackElo "2064"]
[WhiteFideId "1025880"]
[BlackFideId "1046519"]
[EventDate "2014.12.21"]

1. c4 Nf6 2. Nf3 g6 3. g3 Bg7 4. Bg2 O-O 5. O-O d6 6. Nc3 Nc6 7. Rb1 a5 8. a3 e5
9. d3 h6 10. b4 axb4 11. axb4 Be6 12. Qc2 Nd7 13. b5 Ne7 14. Nd2 Rb8 15. Ba3 f5
16. b6 Nxb6 17. c5 dxc5 18. Bxc5 Rf7 19. Nb5 Nbd5 20. e4 Nf6 21. Nc4 Ne8 22.
Rfd1 Nc6 23. Na7 Nd4 24. Bxd4 exd4 25. Na5 Ra8 26. Nxb7 Qf6 27. e5 Qxe5 28. Re1
Qf6 29. Rxe6 Qxe6 30. Nc5 Qd6 31. Bxa8 c6 32. Qc4 Kf8 33. Nxc6 1-0

[Event "52nd Groningen Open"]
[Site "Groningen NED"]
[Date "2014.12.27"]
[Round "6.46"]
[White "Bar, Aviv"]
[Black "Sandvik, Thomas"]
[Result "1-0"]
[WhiteElo "2142"]
[BlackElo "2060"]
[WhiteFideId "2806339"]
[BlackFideId "503231"]
[EventDate "2014.12.21"]

1. c4 Nf6 2. Nc3 c5 3. Nf3 d5 4. cxd5 Nxd5 5. d4 Nxc3 6. bxc3 g6 7. Qa4+ Bd7 8.
Qb3 Bg7 9. e3 b6 10. Be2 O-O 11. d5 e6 12. e4 exd5 13. exd5 b5 14. Be3 b4 15.
Rc1 Bxc3+ 16. Rxc3 bxc3 17. Qxc3 Re8 18. O-O Bf5 19. Bb5 Rxe3 20. Qxe3 Qxd5 21.
Ne5 Qd4 22. Qe2 Be4 23. Nf3 Qd5 24. Rd1 Qb7 25. Ng5 Bc6 26. Rd8+ Kg7 27. Qe5+
Kh6 28. Ne6 fxe6 29. Qf4+ g5 30. Qf6+ Kh5 31. Be2+ g4 32. Bxg4+ 1-0